| 000 | 00000nam 2200000za 4500 |
| 001 | 9.849325 |
| 003 | CaOODSP |
| 005 | 20221107153905 |
| 007 | cr ||||||||||| |
| 008 | 180102s1994 onc #os|||f|0| 0|fre d |
| 022 | |z0318-8809 |
| 040 | |aCaOODSP|bfre |
| 041 | |afre|aeng |
| 043 | |an-cn--- |
| 086 | 1 |aCS13-568/1994-PDF |
| 245 | 00|aFixed capital flows and stocks, 1961 - 1994 |h[ressource électronique] : |bhistorical = Flux et stocks de capital fixe, 1961 - 1994 : historique. |
| 246 | 11|aFlux et stocks de capital fixe, 1961 - 1994 : |bhistorique |
| 260 | |aOttawa : |bStatistique Canada, |c1994. |
| 300 | |a303 p. |
| 500 | |aÉdition numérisée de l'imprimé [par Statistique Canada]. |
| 500 | |a« Septembre 1994. » |
| 504 | |aComprend des références bibliographiques. |
| 546 | |aTexte en français et en anglais. |
| 692 | 07|2gccst|aStatistiques |
| 692 | 07|2gccst|aCapital |
| 710 | 1 |aCanada.|bStatistique Canada.|bDivision de l'investissement et du stock de capital. |
| 776 | 0#|tFlux et stocks de capital fixe, 1961-1994 : |w(CaOODSP)9.656940 |
| 791 | |tFixed capital flows and stocks, 1961 - 1994 |eeng|w(CaOODSP)9.849321 |
| 795 | |tFixed capital flows and stocks |w(CaOODSP)9.849320 |
| 856 | 40|qPDF|s120.98 Mo|uhttps://publications.gc.ca/collections/collection_2018/statcan/CS13-568-1994.pdf |
| 986 | |a13-568 |